Desigualdad y descontento social en América Latina /
Se profundiza en el complejo fenómeno de la desigualdad y el malestar social en la región latinoamericana. La autora realiza un análisis exhaustivo de las raíces, causas y efectos de la persistente disparidad económica y social que caracteriza a gran parte de los países de América Latina. A través d...
Сохранить в:
| Главный автор: | |
|---|---|
| Формат: | |
| Язык: | Spanish |
| Предметы: | |
| Метки: |
Добавить метку
Нет меток, Требуется 1-ая метка записи!
|
MARC
| LEADER | 00000nam a22000007a 4500 | ||
|---|---|---|---|
| 003 | cru IIS | ||
| 005 | 20230828162146.0 | ||
| 007 | ta | ||
| 008 | 220428s2020 ag |||p|r|||| 00| 0 spa d | ||
| 040 | |c cru IIS | ||
| 100 | |9 10387 |a Lusting, Nora |e Autora | ||
| 245 | |a Desigualdad y descontento social en América Latina / |c Nora Lusting | ||
| 300 | |a páginas 53-61 : |b gráficos | ||
| 520 | |a Se profundiza en el complejo fenómeno de la desigualdad y el malestar social en la región latinoamericana. La autora realiza un análisis exhaustivo de las raíces, causas y efectos de la persistente disparidad económica y social que caracteriza a gran parte de los países de América Latina. A través de un enfoque multidisciplinario, se exploran las diversas dimensiones de la desigualdad, desde la distribución de ingresos y oportunidades educativas hasta el acceso a servicios de salud y trabajo digno. El libro aborda cómo estas desigualdades no solo afectan los indicadores económicos, sino que también socavan la cohesión social y generan descontento en amplios sectores de la población. Se analizan las consecuencias del malestar social en términos de movilización ciudadana, protestas y manifestaciones, así como su influencia en los procesos políticos y en la configuración de agendas públicas.La autora también examina los esfuerzos de política pública que se han implementado para abordar la desigualdad y mejorar la calidad de vida de los ciudadanos. Además, se explora cómo las desigualdades se intersectan con factores de género, raza y etnia, amplificando aún más la exclusión y el malestar social en determinados grupos. RAR | ||
| 650 | 0 | |2 OCDE |9 4894 |a DESIGUALDAD ECONOMICA | |
| 650 | 0 | |2 OCDE |9 2565 |a DISTRIBUCION DE LA RIQUEZA | |
| 650 | 0 | |2 UNESCO |9 7877 |a COHESION SOCIAL | |
| 650 | 0 | |2 OCDE |9 4319 |a OPORTUNIDADES DE EDUCACIÓN | |
| 650 | 4 | |2 OCDE |9 3397 |a CONDICIONES LABORALES | |
| 650 | 0 | |2 OCDE |9 407 |a SALUD PUBLICA | |
| 650 | 0 | |2 OCDE |9 285 |a EXCLUSION SOCIAL | |
| 650 | 0 | |2 UNESCO |9 2130 |a JUSTICIA SOCIAL | |
| 650 | 0 | |2 UNESCO |9 2049 |a DESARROLLO SOSTENIBLE | |
| 650 | 4 | |2 UNESCO |9 1988 |a IGUALDAD DE OPORTUNIDADES | |
| 650 | 0 | |2 UNESCO |9 11602 |a PARTICIPACION ACTIVA | |
| 650 | 0 | |2 UNESCO |9 927 |a CALIDAD DE LA VIDA | |
| 650 | 0 | |2 UNESCO |9 11594 |a INCLUSION SOCIAL | |
| 650 | 0 | |2 UNESCO |9 3784 |a POLITICAS PUBLICAS | |
| 650 | 4 | |2 UNESCO |9 1933 |a CAMBIO SOCIAL | |
| 650 | 0 | |2 UNESCO |9 5306 |a DESARROLLO HUMANO | |
| 651 | 0 | |2 OCDE |9 17 |a AMERICA LATINA | |
| 773 | 0 | |0 19022 |9 7034 |a Fundación Friedrich Ebert |d Fundación Friedrich Ebert; Nueva Sociedad Buenos Aires, Argentina |o 22537 |t Nueva Sociedad / | |
| 942 | |2 ddc |c PP | ||
| 999 | |c 44192 |d 44192 | ||
